Properties and characteristics of coal-water slurries with pyrogenetic liquid; Chemical and Petroleum Engineering; Vol. 59
| Parent link: | Chemical and Petroleum Engineering.— .— New York: Springer Science+Business Media LLC. Vol. 59.— 2023.— P. 207-212 |
|---|---|
| 1. Verfasser: | |
| Körperschaft: | |
| Weitere Verfasser: | |
| Zusammenfassung: | Title screen The results of studies of calorific value and dynamic viscosity of coal-water slurries with addition of a pyrogenetic liquid are presented. It was found that addition of small quantities (not more than 10 wt.%) of a pyrogenetic liquid raises the calorific value of the slurries by 6% AM_Agreement |
| Sprache: | Englisch |
| Veröffentlicht: |
2023
|
| Schlagworte: | |
| Online-Zugang: | https://doi.org/10.1007/s10556-023-01229-x |
| Format: | MixedMaterials Elektronisch Buchkapitel |
| KOHA link: | https://koha.lib.tpu.ru/cgi-bin/koha/opac-detail.pl?biblionumber=672241 |
MARC
| LEADER | 00000nla0a2200000 4500 | ||
|---|---|---|---|
| 001 | 672241 | ||
| 005 | 20240411135800.0 | ||
| 090 | |a 672241 | ||
| 100 | |a 20240411a2023 k||y0engy50 ba | ||
| 101 | 0 | |a eng | |
| 102 | |a US | ||
| 135 | |a drcn ---uucaa | ||
| 181 | 0 | |a i |b e | |
| 182 | 0 | |a b | |
| 183 | 0 | |a cr |2 RDAcarrier | |
| 200 | 1 | |a Properties and characteristics of coal-water slurries with pyrogenetic liquid |f D. V. Gvozdyakov, A. V. Zenkov | |
| 203 | |a Текст |c электронный |b визуальный | ||
| 283 | |a online_resource |2 RDAcarrier | ||
| 300 | |a Title screen | ||
| 320 | |a References: 12 tit | ||
| 330 | |a The results of studies of calorific value and dynamic viscosity of coal-water slurries with addition of a pyrogenetic liquid are presented. It was found that addition of small quantities (not more than 10 wt.%) of a pyrogenetic liquid raises the calorific value of the slurries by 6% | ||
| 371 | 0 | |a AM_Agreement | |
| 461 | 1 | |t Chemical and Petroleum Engineering |c New York |n Springer Science+Business Media LLC. | |
| 463 | 1 | |t Vol. 59 |v P. 207-212 |d 2023 | |
| 610 | 1 | |a электронный ресурс | |
| 610 | 1 | |a труды учёных ТПУ | |
| 610 | 1 | |a coal | |
| 610 | 1 | |a coal-water slurry | |
| 610 | 1 | |a pyrogenetic liquid | |
| 700 | 1 | |a Gvozdyakov |b D. V. |c specialist in the field of power engineering |c Associate Professor of Tomsk Polytechnic University, Candidate of technical sciences |f 1985- |g Dmitry Vasilievich |9 18396 | |
| 701 | 1 | |a Zenkov |b A. V. |c Associate Professor of Tomsk Polytechnic University, Candidate of Technical Sciences |c specialist in the field of power engineering |f 1992- |g Andrey Viktorovich |9 20530 | |
| 712 | 0 | 2 | |a National Research Tomsk Polytechnic University |c (2009- ) |9 27197 |
| 801 | 0 | |a RU |b 63413507 |c 20240411 |g RCR | |
| 856 | 4 | |u https://doi.org/10.1007/s10556-023-01229-x |z https://doi.org/10.1007/s10556-023-01229-x | |
| 942 | |c CR | ||